000 00495nam a2200217 454500
001 083486
003 BD-ChCU
008 Eng
020 _ax
040 _aDLC
_cDLC
_dBD-ChCU
082 0 0 _a183.2/NES
100 1 _aNelson,Leonard,
_bx
245 1 0 _aSocratic method & critical philosophy
_bSelected essays
250 _ax
260 _aN.Y.
_bDover,
_c1965
300 _axxii,211p.
504 _a
650 0 _aPhi-Ancient.
_bPhi-Ancient.
700 1 _ax
942 _2ddc
_cBK
999 _c83486
_d83486